[Event "European Hybrid Swiss TB"]
[Site "Tornelo INT"]
[Date "2021.05.30"]
[Round "2.4"]
[White "Jobava, Baadur"]
[Black "Matlakov, Maxim"]
[Result "1-0"]
[WhiteTitle "GM"]
[BlackTitle "GM"]
[WhiteElo "2603"]
[BlackElo "2688"]
[WhiteFideId "13601520"]
[BlackFideId "4168003"]
[EventDate "2021.05.30"]

1. d4 Nf6 2. c4 e6 3. Nc3 d5 4. Bf4 c5 5. e3 cxd4 6. exd4 Nc6 7. Nf3 Bb4 8. Rc1
O-O 9. c5 Ne4 10. Bd3 b6 11. O-O Bxc3 12. bxc3 bxc5 13. dxc5 h6 14. Bxe4 dxe4
15. Qa4 Bb7 16. Qxe4 Na5 17. Qe2 Qf6 18. Be5 Qg6 19. Bc7 Nc4 20. Bg3 Bd5 21. c6
Rac8 22. c7 f5 23. Bf4 e5 24. Qd3 Bxf3 25. Qxc4+ Rf7 26. Bg3 Ba8 27. Rcd1 Kh7
28. Rd6 Rcxc7 29. Qxc7 Rxc7 30. Rxg6 Kxg6 31. Bxe5 Rd7 32. Bd4 Bd5 33. a3 a5 34.
Re1 a4 35. f3 Kf7 36. Re5 g6 37. Kf2 Be6 38. Ra5 Rb7 39. Rxa4 Rb2+ 40. Kg3 g5
41. h3 f4+ 42. Kh2 Bd5 43. Ra7+ Ke8 44. c4 Rd2 45. cxd5 Rxd4 46. Rh7 Rxd5 47.
Rxh6 Kf7 48. h4 gxh4 49. Rxh4 Rd4 50. Rh7+ Kg6 51. Ra7 Kg5 52. a4 Rd2 53. a5 Ra2
54. a6 Kg6 55. Ra8 Kg7 56. a7 1-0

[Event "European Hybrid Swiss TB"]
[Site "Tornelo INT"]
[Date "2021.05.30"]
[Round "2.5"]
[White "Fedoseev, Vladimir3"]
[Black "Yilmaz, Mustafa"]
[Result "1/2-1/2"]
[WhiteTitle "GM"]
[BlackTitle "GM"]
[WhiteElo "2687"]
[BlackElo "2630"]
[WhiteFideId "24130737"]
[BlackFideId "6302718"]
[EventDate "2021.05.30"]

1. c4 e6 2. g3 d5 3. Bg2 Nf6 4. Nf3 d4 5. O-O c5 6. e3 Nc6 7. exd4 cxd4 8. d3
Bd6 9. Na3 h6 10. Nc2 e5 11. b4 O-O 12. b5 Nb8 13. Re1 Re8 14. a4 Nbd7 15. a5
Rb8 16. Ba3 Qc7 17. Qb1 Bxa3 18. Rxa3 Nc5 19. b6 axb6 20. Qxb6 Qxb6 21. axb6
Ncd7 22. Rb1 g5 23. Ra5 e4 24. dxe4 d3 25. Nce1 Rxe4 26. c5 g4 27. Nd2 Re2 28.
Rd1 Ne5 29. Bf1 Rxd2 30. Rxd2 Nc4 31. Raa2 Nxd2 32. Rxd2 Ne4 33. Rxd3 Be6 34.
Rd4 Nxc5 35. Bc4 Re8 36. Ng2 h5 37. Nf4 Bxc4 38. Rxc4 Re5 39. Kg2 Nd7 40. Rc7
Nxb6 41. Rxb7 Nd5 42. Nd3 Rf5 43. Rb2 Kg7 44. h3 gxh3+ 45. Kxh3 Rf3 46. Ne1 Rc3
47. Ng2 Ne7 48. Ne3 Rc5 49. Ng2 Ng6 50. Re2 Rf5 51. Kh2 Rf3 52. Ne3 h4 53. Kg2
Rf6 54. Rd2 hxg3 55. fxg3 Re6 56. Nf5+ Kf6 57. Rf2 Kg5 58. Ng7 Rf6 59. Rxf6 Kxf6
60. Ne8+ Ke7 61. Ng7 Kf6 62. Ne8+ Ke7 63. Ng7 Kf6 1/2-1/2

[Event "European Hybrid Swiss TB"]
[Site "Tornelo INT"]
[Date "2021.05.30"]
[Round "2.6"]
[White "Lupulescu, Constantin"]
[Black "Ponkratov, Pavel"]
[Result "1/2-1/2"]
[WhiteTitle "GM"]
[BlackTitle "GM"]
[WhiteElo "2656"]
[BlackElo "2624"]
[WhiteFideId "1207822"]
[BlackFideId "4157800"]
[EventDate "2021.05.30"]

1. Nf3 Nf6 2. c4 g6 3. Nc3 Bg7 4. e4 e5 5. Nxe5 O-O 6. Nf3 Re8 7. Bd3 d5 8. cxd5
Nxd5 9. O-O Nf4 10. Bc4 Be6 11. d3 Bxc4 12. dxc4 Qxd1 13. Rxd1 Bxc3 14. Bxf4
Bxb2 15. Rab1 Bg7 16. Rxb7 Na6 17. e5 Nc5 18. Rb5 Ne4 19. Rb3 h6 20. h4 Red8 21.
Rxd8+ Rxd8 22. Kf1 Rd1+ 23. Ke2 Ra1 24. Ra3 Rxa2+ 25. Rxa2 Nc3+ 26. Kd3 Nxa2 27.
Bd2 Bf8 28. Nd4 Nb4+ 29. Bxb4 Bxb4 30. Nc6 Bc5 31. f3 Kf8 32. h5 gxh5 33. Ke4
Ke8 34. f4 a6 35. f5 Bf2 36. Kd5 Be1 37. e6 a5 38. c5 a4 39. Kc4 fxe6 40. fxe6
Bd2 41. Nd4 Ke7 42. Nb5 Bf4 43. Nc3 Kxe6 44. Nxa4 Kf5 45. Nc3 Kg4 46. Nd5 Be5
47. Kd3 c6 48. Nb4 Kg3 49. Nxc6 Bc7 50. Nd4 Kxg2 51. Nf5 Kf3 52. c6 Kf4 53. Ng7
Ke5 54. Nxh5 Kd5 55. Ke3 Kxc6 56. Kf3 Bf4 1/2-1/2

[Event "European Hybrid Swiss TB"]
[Site "Tornelo INT"]
[Date "2021.05.30"]
[Round "2.7"]
[White "Brkic, Ante"]
[Black "Oparin, Grigoriy"]
[Result "1/2-1/2"]
[WhiteTitle "GM"]
[BlackTitle "GM"]
[WhiteElo "2592"]
[BlackElo "2652"]
[WhiteFideId "14506688"]
[BlackFideId "24125890"]
[EventDate "2021.05.30"]

1. e4 e5 2. Nf3 Nc6 3. Bc4 Nf6 4. d3 Bc5 5. c3 h6 6. O-O O-O 7. Re1 d6 8. h3 Bb6
9. Nbd2 Ne7 10. Nf1 Ng6 11. Ng3 Be6 12. Bb3 Qd7 13. Bc2 c5 14. d4 cxd4 15. cxd4
Rac8 16. Ba4 Qd8 17. Be3 d5 18. Nxe5 Nxe5 19. dxe5 Nxe4 20. Nxe4 dxe4 21. Qxd8
Rfxd8 22. Bxb6 axb6 23. Rxe4 Rd2 24. Rb4 Rc4 25. Rxc4 Bxc4 26. Bb3 Bxb3 27. axb3
Rxb2 28. Ra7 g5 29. Rxb7 Rxb3 30. g3 h5 31. Kg2 g4 32. hxg4 hxg4 33. Rd7 Rb4 34.
Kf1 Kf8 35. Kg2 b5 36. Rb7 Rb1 37. Kh2 b4 38. Kg2 b3 39. Kh2 b2 40. Kg2 Ke8 41.
Kh2 Kd8 42. Kg2 Kc8 43. Rb4 Kd7 44. Rb3 Ke6 45. Rb5 Kf5 46. Rb8 Kxe5 47. Rb7 f5
48. Rb8 Kd6 49. Rb3 Kc5 50. Rb8 Kc4 51. Rc8+ Kd5 52. Rd8+ Kc4 53. Rc8+ Kd5 54.
Rd8+ Kc4 55. Rc8+ 1/2-1/2

[Event "European Hybrid Swiss TB"]
[Site "Tornelo INT"]
[Date "2021.05.30"]
[Round "2.8"]
[White "Predke, Alexandr"]
[Black "Krasenkow, Michal"]
[Result "1/2-1/2"]
[WhiteTitle "GM"]
[BlackTitle "GM"]
[WhiteElo "2690"]
[BlackElo "2597"]
[WhiteFideId "24107581"]
[BlackFideId "1113100"]
[EventDate "2021.05.30"]

1. d4 d5 2. c4 e6 3. Nf3 c6 4. e3 f5 5. Bd3 Nf6 6. O-O Bd6 7. b3 Qe7 8. Bb2 O-O
9. Qc1 b6 10. Ba3 Bb7 11. Bxd6 Qxd6 12. Nc3 Nbd7 13. cxd5 Nxd5 14. Rd1 c5 15.
dxc5 Qxc5 16. Bc4 N7f6 17. Nd4 Qd6 18. Ncb5 Qe7 19. Qa3 Qxa3 20. Nxa3 Kf7 21.
Rac1 Ke7 22. Bxd5 Nxd5 23. Nc4 Rac8 24. Ne5 Nc3 25. Ndc6+ Bxc6 26. Rxc3 Bb5 27.
Rdc1 Rxc3 28. Rxc3 Rd8 29. h4 Rd1+ 30. Kh2 Rd2 31. a4 Be8 32. Kg3 h6 33. f4 Kd8
34. Nf3 Rb2 35. Ne5 Rd2 36. Nf3 Rb2 37. Ne5 Rd2 1/2-1/2

[Event "European Hybrid Swiss TB"]
[Site "Tornelo INT"]
[Date "2021.05.30"]
[Round "2.9"]
[White "Cheparinov, Ivan"]
[Black "Braun, Arik"]
[Result "1-0"]
[WhiteTitle "GM"]
[BlackTitle "GM"]
[WhiteElo "2667"]
[BlackElo "2609"]
[WhiteFideId "2905540"]
[BlackFideId "4663527"]
[EventDate "2021.05.30"]

1. d4 d5 2. c4 e6 3. Nf3 a6 4. cxd5 exd5 5. Nc3 Nf6 6. Bg5 Be6 7. e3 Nbd7 8. h3
Bd6 9. Bd3 c6 10. Bf4 Qc7 11. Bxd6 Qxd6 12. O-O O-O 13. Rc1 Rfe8 14. a3 a5 15.
Qc2 h6 16. Rfe1 Qc7 17. Nd2 Nb6 18. Ne2 a4 19. Nf4 Re7 20. Nf1 Ne8 21. Ng3 Nd6
22. Re2 Nbc4 23. Nxe6 Rxe6 24. Nf5 Nxf5 25. Bxf5 Re7 26. Bh7+ Kf8 27. Bd3 b5 28.
Bxc4 bxc4 29. Qh7 Ree8 30. Qh8+ Ke7 31. Qxg7 Rg8 32. Qxh6 Rg6 33. Qh4+ Kd7 34.
Qh7 Kc8 35. e4 Kb7 36. exd5 Rag8 37. dxc6+ Ka6 38. f3 Qf4 39. Rf1 Qxd4+ 40. Kh1
Qf6 41. Qh5 Rg5 42. Qh4 Qxc6 43. Rc1 Rc5 44. Qe4 Qb5 45. Rd2 Ka5 46. Qd4 Re8 47.
Qc3+ Ka6 48. Rd6+ Kb7 49. Rcd1 Rc7 50. R1d5 Qb3 51. Qa5 1-0

[Event "European Hybrid Swiss TB"]
[Site "Tornelo INT"]
[Date "2021.05.30"]
[Round "2.10"]
[White "Deac, Bogdan-Daniel"]
[Black "Teclaf, Pawel"]
[Result "1-0"]
[WhiteTitle "GM"]
[BlackTitle "IM"]
[WhiteElo "2627"]
[BlackElo "2502"]
[WhiteFideId "1226380"]
[BlackFideId "1185934"]
[EventDate "2021.05.30"]

1. e4 c5 2. Nf3 e6 3. d4 cxd4 4. Nxd4 a6 5. c4 Nf6 6. Nc3 Bb4 7. Qd3 d5 8. exd5
exd5 9. Be2 O-O 10. O-O Nc6 11. cxd5 Nxd5 12. Nxc6 bxc6 13. Nxd5 Qxd5 14. Rd1
Qxd3 15. Bxd3 Bg4 16. f3 Bc5+ 17. Kf1 Be6 18. Bf4 Rfd8 19. Rac1 Bd4 20. b3 c5
21. Be4 Bd5 22. Bxd5 Rxd5 23. Rc4 a5 24. Bc7 h6 25. Ra4 Rd7 26. Rxa5 Rc8 27.
Rxc5 Bxc5 28. Rxd7 Kf8 29. Rd8+ Rxd8 30. Bxd8 Ke8 31. Ba5 Kd7 32. Bc3 g6 33. Ke2
Bd6 34. h3 Kc6 35. Kd3 Kd5 36. a4 h5 37. b4 Bc7 38. b5 Bh2 39. Bd4 Bg1 40. Bxg1 1-0

[Event "European Hybrid Swiss TB"]
[Site "Tornelo INT"]
[Date "2021.05.30"]
[Round "2.11"]
[White "Sargsyan, Shant"]
[Black "Afanasiev, Nikita"]
[Result "1-0"]
[WhiteTitle "GM"]
[BlackTitle "GM"]
[WhiteElo "2618"]
[BlackElo "2522"]
[WhiteFideId "13306766"]
[BlackFideId "24183555"]
[EventDate "2021.05.30"]

1. d4 Nf6 2. c4 e6 3. Nf3 Bb4+ 4. Bd2 Qe7 5. g3 O-O 6. Bg2 Bxd2+ 7. Qxd2 d6 8.
Nc3 Nbd7 9. O-O Re8 10. e4 e5 11. Rfe1 b6 12. Rad1 Bb7 13. d5 a5 14. b3 Nc5 15.
Nh4 g6 16. Bh3 Bc8 17. Bxc8 Raxc8 18. f3 Nh5 19. Nb5 Qf6 20. Rf1 Nf4 21. Kh1 Nh5
22. Qe3 Kh8 23. Rd2 Qe7 24. Na7 Ra8 25. Nc6 Qf6 26. Rdf2 Qg7 27. a3 Nd7 28. Qc3
Rf8 29. Ng2 f5 30. exf5 gxf5 31. f4 Nhf6 32. Re2 Rae8 33. fxe5 Ne4 34. Qf3 dxe5
35. Nh4 Nd6 36. Qc3 Rf7 37. b4 axb4 38. axb4 e4 39. Qxg7+ Kxg7 40. Nd4 Re5 41.
Ne6+ Kh6 42. c5 bxc5 43. bxc5 Nb5 44. g4 f4 45. Nxf4 Nc3 46. Ree1 Nxd5 47. Nf5+
Kg5 48. h4+ Kxg4 49. Nxd5 Rfxf5 50. Ne3+ 1-0

[Event "European Hybrid Swiss TB"]
[Site "Tornelo INT"]
[Date "2021.05.30"]
[Round "2.12"]
[White "Nguyen, Thai Dai Van"]
[Black "Anton Guijarro, David"]
[Result "1-0"]
[WhiteTitle "GM"]
[BlackTitle "GM"]
[WhiteElo "2577"]
[BlackElo "2673"]
[WhiteFideId "358878"]
[BlackFideId "2285525"]
[EventDate "2021.05.30"]

1. d4 Nf6 2. c4 e6 3. Nf3 d5 4. Nc3 Bb4 5. Bg5 dxc4 6. e4 h6 7. Bxf6 Qxf6 8.
Bxc4 O-O 9. O-O Rd8 10. a3 Bxc3 11. bxc3 c5 12. Qe2 cxd4 13. cxd4 Nc6 14. e5 Qf4
15. Rad1 Bd7 16. g3 Qg4 17. Kg2 Ne7 18. h3 Qg6 19. Bd3 Nf5 20. Kh2 Bc6 21. Bb1
h5 22. Rg1 Rd7 23. Nh4 Nxh4 24. gxh4 Qh6 25. Rg5 Rad8 26. Qe3 Kf8 27. a4 f6 28.
exf6 Qxf6 29. Rdg1 Rf7 30. Qa3+ Kg8 31. f3 Rxd4 32. Qe3 Bxf3 33. Bg6 Rfd7 34.
Rf1 Rf4 35. Kg3 e5 36. Rxf3 Rxf3+ 37. Qxf3 Rd6 38. Be4 Qd8 39. Rxh5 Rh6 40. Rxh6
gxh6 41. Qg4+ Kh8 42. Qf5 Qg8+ 43. Kf3 Qb3+ 44. Kg4 Qd1+ 45. Qf3 Qg1+ 46. Kf5
Qg7 47. Ke6 Qg8+ 48. Kxe5 Qb8+ 49. Kd4 Qd6+ 50. Ke3 Qa3+ 51. Kf2 Qb2+ 52. Kg3
Qg7+ 53. Qg4 Qc3+ 54. Bf3 Qe5+ 55. Qf4 Qg7+ 56. Kh2 Qb2+ 57. Bg2 Kg7 58. h5 a6
59. Qc7+ Kf6 60. Qd6+ Kf7 61. Qg6+ Ke7 62. Qh7+ Kd8 63. Qd3+ Ke7 64. Qe3+ Kf7
65. Kg3 Qg7+ 66. Kf2 Qb2+ 67. Kg3 Qg7+ 68. Kh2 Qb2 69. Qxh6 Qe5+ 70. Kg1 Qe1+
71. Bf1 Qg3+ 72. Kh1 Qf3+ 73. Bg2 Qd1+ 74. Kh2 Qd6+ 75. Qxd6 1-0

[Event "European Hybrid Swiss TB"]
[Site "Tornelo INT"]
[Date "2021.05.30"]
[Round "2.13"]
[White "Paichadze, Luka"]
[Black "Sjugirov, Sanan"]
[Result "0-1"]
[WhiteTitle "GM"]
[BlackTitle "GM"]
[WhiteElo "2565"]
[BlackElo "2663"]
[WhiteFideId "13602934"]
[BlackFideId "4189302"]
[EventDate "2021.05.30"]

1. e4 c5 2. Nf3 d6 3. d4 cxd4 4. Qxd4 Nf6 5. Nc3 Nc6 6. Bb5 Bd7 7. Bxc6 Bxc6 8.
Bg5 e6 9. Bxf6 Qxf6 10. Qe3 Qd8 11. O-O-O Be7 12. h4 a6 13. g4 Qa5 14. Nd4 Bd7
15. f4 O-O-O 16. g5 Kb8 17. Kb1 Rc8 18. Nb3 Qc7 19. Rhf1 h6 20. f5 hxg5 21. hxg5
Qd8 22. g6 fxg6 23. fxe6 Bxe6 24. e5 Rh3 25. Qg1 Bf5 26. Nd4 Rhxc3 27. bxc3 Qb6+
28. Ka1 Qa5 29. Rf3 Be4 30. Re3 Qxe5 31. Rb1 Bf6 32. Qg4 d5 33. Rb3 Qc7 34. Qe2
Qc4 35. Qd2 Bg5 36. Qh2+ Qc7 37. Qxc7+ Rxc7 38. Rxe4 dxe4 39. Ne6 Bd2 40. Nxc7
Kxc7 0-1

[Event "European Hybrid Swiss TB"]
[Site "Tornelo INT"]
[Date "2021.05.30"]
[Round "2.14"]
[White "Alekseev, Evgeny"]
[Black "Gabuzyan, Hovhannes"]
[Result "1/2-1/2"]
[WhiteTitle "GM"]
[BlackTitle "GM"]
[WhiteElo "2617"]
[BlackElo "2590"]
[WhiteFideId "4138147"]
[BlackFideId "13303732"]
[EventDate "2021.05.30"]

1. e4 c5 2. Nf3 d6 3. Bb5+ Bd7 4. Bxd7+ Qxd7 5. c4 Nc6 6. Nc3 e6 7. d4 cxd4 8.
Nxd4 Nf6 9. O-O Be7 10. Be3 O-O 11. Rc1 Rac8 12. b3 Rfd8 13. Nxc6 bxc6 14. Qd3
Qb7 15. h3 h6 16. Rfd1 d5 17. cxd5 cxd5 18. exd5 Ba3 19. Rc2 Bb4 20. Rdc1 Ba3
21. Rd1 Bb4 22. Rdc1 Ba3 23. Rd1 1/2-1/2

[Event "European Hybrid Swiss TB"]
[Site "Tornelo INT"]
[Date "2021.05.30"]
[Round "2.15"]
[White "Savchenko, Boris"]
[Black "Svane, Rasmus"]
[Result "1/2-1/2"]
[WhiteTitle "GM"]
[BlackTitle "GM"]
[WhiteElo "2538"]
[BlackElo "2615"]
[WhiteFideId "4147332"]
[BlackFideId "4657101"]
[EventDate "2021.05.30"]

1. e4 c6 2. Nc3 d5 3. Nf3 dxe4 4. Nxe4 Nf6 5. Qe2 Nxe4 6. Qxe4 Qa5 7. Bc4 Bf5 8.
Qf4 e6 9. O-O Be7 10. c3 O-O 11. d4 Nd7 12. Re1 Rac8 13. b4 Qd8 14. a3 Nb6 15.
Bb3 Nd5 16. Qd2 Qc7 17. c4 Nf6 18. h3 Rfd8 19. Qe2 a5 20. c5 Be4 21. Bb2 Bxf3
22. Qxf3 Nd5 23. bxa5 Qxa5 24. Rab1 Bf6 25. Bxd5 Rxd5 26. Bc3 Qa8 27. Rb4 Rcd8
28. Reb1 R8d7 29. Qe3 h6 30. a4 Bd8 31. Qf3 Ba5 32. R4b2 Bxc3 33. Qxc3 Rxd4 34.
Rb4 Rxb4 35. Qxb4 Qa6 36. g3 Qe2 37. a5 Qf3 38. Qb3 Qe4 39. Rd1 Rxd1+ 40. Qxd1
Qd5 41. Qb1 Qd7 42. h4 Qc7 43. Qb6 Qd7 44. Kh2 g5 45. Qb4 Kg7 46. Qc3+ f6 47.
Qb4 e5 48. h5 f5 49. Qb2 Kf6 50. Qb3 Qf7 51. Qd1 Qe7 52. Qc1 Qd7 53. Qb2 Qc7 54.
Qb6 Qc8 55. Qb2 Qc7 56. Qb6 Qc8 57. Qb2 Qd7 58. Qb3 Qf7 59. Qb2 f4 60. g4 Qd7
61. f3 Ke6 62. Qc2 Qf7 63. Qb3+ Kf6 64. Qc2 Ke7 65. Qb2 Kd8 66. Qxe5 Kc8 67. Kh3
Qb3 68. Qh8+ Kc7 69. Qe5+ Kc8 70. Kg2 Qc2+ 71. Kh3 Qb3 1/2-1/2

[Event "European Hybrid Swiss TB"]
[Site "Tornelo INT"]
[Date "2021.05.30"]
[Round "2.16"]
[White "Zvjaginsev, Vadim"]
[Black "Can, Emre"]
[Result "1/2-1/2"]
[WhiteTitle "GM"]
[BlackTitle "GM"]
[WhiteElo "2614"]
[BlackElo "2569"]
[WhiteFideId "4113403"]
[BlackFideId "6302181"]
[EventDate "2021.05.30"]

1. c4 e6 2. Nc3 d5 3. d4 c6 4. e4 dxe4 5. Nxe4 Bb4+ 6. Nc3 c5 7. Nf3 Nf6 8. Be2
Nc6 9. Be3 Ng4 10. Bg5 f6 11. d5 exd5 12. cxd5 Ne7 13. Bd2 Bxc3 14. bxc3 Qxd5
15. O-O O-O 16. Re1 Ng6 17. Qa4 N4e5 18. Nxe5 Nxe5 19. Bf4 Bd7 20. Qd1 Bc6 21.
Qxd5+ Bxd5 22. Red1 Bc6 23. Bxe5 fxe5 24. Bc4+ Kh8 25. Bd5 Rac8 26. Bxc6 Rxc6
27. Rd7 Rb6 28. Re1 Rb2 29. f3 1/2-1/2

[Event "European Hybrid Swiss TB"]
[Site "Tornelo INT"]
[Date "2021.05.30"]
[Round "2.17"]
[White "Indjic, Aleksandar"]
[Black "Martinovic, Sasa"]
[Result "1-0"]
[WhiteTitle "GM"]
[BlackTitle "GM"]
[WhiteElo "2607"]
[BlackElo "2548"]
[WhiteFideId "911925"]
[BlackFideId "14509792"]
[EventDate "2021.05.30"]

1. Nf3 d5 2. d3 g6 3. c4 dxc4 4. Qa4+ Nc6 5. Qxc4 Bg7 6. Nbd2 e5 7. e3 Nge7 8.
a3 O-O 9. Be2 Be6 10. Qc2 h6 11. Rb1 Ba2 12. Ra1 Be6 13. O-O a5 14. Rb1 Ba2 15.
Ra1 Be6 16. Ne4 b6 17. Bd2 f5 18. Ng3 Qd6 19. b3 Rad8 20. Bc3 g5 21. h3 Bf7 22.
Rfc1 Bg6 23. b4 axb4 24. axb4 Nd5 25. e4 Ndxb4 26. Bxb4 Nxb4 27. Qxc7 Nxd3 28.
Ra7 Rf7 29. Qxd6 Rxd6 30. Rc8+ Rf8 31. Rxf8+ Bxf8 32. exf5 Bh7 33. Ne4 Nf4 34.
Bc4+ Kh8 35. Nxd6 Bxd6 36. g4 Nxh3+ 37. Kg2 Nf4+ 38. Kf1 e4 39. Nd2 1-0

[Event "European Hybrid Swiss TB"]
[Site "Tornelo INT"]
[Date "2021.05.30"]
[Round "2.18"]
[White "Kozak, Adam"]
[Black "Ivanisevic, Ivan"]
[Result "1/2-1/2"]
[WhiteTitle "GM"]
[BlackTitle "GM"]
[WhiteElo "2518"]
[BlackElo "2606"]
[WhiteFideId "753246"]
[BlackFideId "912417"]
[EventDate "2021.05.30"]

1. d4 Nf6 2. c4 g6 3. Nc3 Bg7 4. e4 d6 5. Nf3 O-O 6. Be2 e5 7. O-O Bg4 8. d5 a5
9. Ne1 Bd7 10. Nd3 Na6 11. Be3 b6 12. f4 exf4 13. Bxf4 Nc5 14. Nxc5 bxc5 15. e5
Ne8 16. Ne4 dxe5 17. Bg5 f6 18. Bh4 Qe7 19. Bf2 Nd6 20. Nxc5 Bc8 21. Qa4 Kh8 22.
Nb3 f5 23. c5 Ne4 24. Be3 f4 25. Qxe4 Bf5 26. d6 Qg5 27. Bxf4 exf4 28. Qxf4 Qxf4
29. Rxf4 a4 30. Nd2 cxd6 31. Bf3 Rab8 32. c6 d5 33. Rxa4 Rxb2 34. Nb3 Be4 35.
Rf1 Bh6 36. h3 Be3+ 37. Kh1 Rc2 38. Nd4 Bxd4 39. Rxd4 Rxc6 40. Rd2 Rc3 41. Rdf2
Kg7 42. Bxe4 Rxf2 43. Rxf2 dxe4 44. Re2 e3 45. Kh2 Kf6 46. Kg3 Ke5 47. Kf3 Kd4
48. Re1 Ra3 49. Rd1+ Rd3 50. Re1 Ra3 51. Rd1+ Rd3 52. Re1 Ra3 1/2-1/2

[Event "European Hybrid Swiss TB"]
[Site "Tornelo INT"]
[Date "2021.05.30"]
[Round "3.1"]
[White "Artemiev, Vladislav"]
[Black "Jobava, Baadur"]
[Result "1-0"]
[WhiteTitle "GM"]
[BlackTitle "GM"]
[WhiteElo "2709"]
[BlackElo "2603"]
[WhiteFideId "24101605"]
[BlackFideId "13601520"]
[EventDate "2021.05.30"]

1. c4 c6 2. Nf3 d5 3. e3 Nf6 4. Nc3 g6 5. d4 Bg7 6. h3 O-O 7. Bd3 Bf5 8. Bxf5
gxf5 9. Qd3 e6 10. g4 Na6 11. a3 dxc4 12. Qxc4 c5 13. gxf5 cxd4 14. Qxd4 exf5
15. Rg1 Re8 16. Rg5 b6 17. Qxd8 Raxd8 18. Nh4 h6 19. Rg2 Kh7 20. Nxf5 Bh8 21.
Bd2 Nc5 22. O-O-O Nfe4 23. Kc2 Rc8 24. f3 Nxc3 25. Bxc3 Na4 26. Rd7 Bxc3 27.
Rxf7+ Kh8 28. Kb3 Rf8 29. Nxh6 b5 30. Rxf8+ Rxf8 31. bxc3 Rxf3 32. Ng4 a5 33. c4
Nc5+ 34. Kc3 Na4+ 35. Kd4 bxc4 36. Kxc4 Rxh3 37. Nf6 Rh4+ 38. e4 Nb6+ 39. Kb5 1-0

[Event "European Hybrid Swiss TB"]
[Site "Tornelo INT"]
[Date "2021.05.30"]
[Round "3.2"]
[White "Martirosyan, Haik M."]
[Black "Tomashevsky, Evgeny"]
[Result "1-0"]
[WhiteTitle "GM"]
[BlackTitle "GM"]
[WhiteElo "2637"]
[BlackElo "2706"]
[WhiteFideId "13306553"]
[BlackFideId "4147235"]
[EventDate "2021.05.30"]

1. d4 Nf6 2. c4 e6 3. Nf3 d5 4. Nc3 Be7 5. Bf4 O-O 6. e3 Nbd7 7. c5 c6 8. Bd3 b6
9. b4 a5 10. a3 Bb7 11. O-O Qc8 12. Qc2 Ba6 13. Rfc1 Bxd3 14. Qxd3 Qb7 15. h3
Ra7 16. Rab1 axb4 17. axb4 Rfa8 18. Nd2 h6 19. Nb3 Ra3 20. Qc2 bxc5 21. bxc5 Qa6
22. Qb2 Qc4 23. Bg3 Nh5 24. Bc7 Nhf6 25. Qc2 Ne8 26. Bg3 Bd8 27. Nd2 Qa6 28. Rb2
Nef6 29. Ncb1 Ra4 30. Nc3 Ra3 31. Rcb1 Ba5 32. Rb3 Rxb3 33. Rxb3 Bxc3 34. Rxc3
Qe2 35. Kh2 Ne4 36. Nxe4 Qxc2 37. Rxc2 dxe4 38. Rb2 Nf6 39. Rb6 Rc8 40. f3 Nd5
41. fxe4 Nc3 42. e5 Nd5 43. Rb3 Nc7 44. e4 Nb5 45. d5 exd5 46. exd5 Kf8 47. Bh4
g5 48. Bf2 Ke7 49. Kg3 Rd8 50. dxc6 Nc7 51. Rb7 Rc8 52. Kg4 Ke6 53. Kh5 Nd5 54.
Kxh6 Nf4 55. Kxg5 Nxg2 56. c7 Rg8+ 57. Kh6 Rc8 58. h4 Nf4 59. h5 Kf5 60. Kg7 Ke6
61. Rb6+ 1-0

[Event "European Hybrid Swiss TB"]
[Site "Tornelo INT"]
[Date "2021.05.30"]
[Round "3.3"]
[White "Esipenko, Andrey"]
[Black "Deac, Bogdan-Daniel"]
[Result "1-0"]
[WhiteTitle "GM"]
[BlackTitle "GM"]
[WhiteElo "2701"]
[BlackElo "2627"]
[WhiteFideId "24175439"]
[BlackFideId "1226380"]
[EventDate "2021.05.30"]

1. e4 e5 2. Nf3 Nc6 3. Bb5 Nf6 4. d3 d6 5. O-O Be7 6. c3 O-O 7. Re1 a6 8. Ba4
Re8 9. Nbd2 Bf8 10. h3 d5 11. d4 b5 12. exd5 e4 13. dxc6 exf3 14. Bb3 fxg2 15.
Nf3 Be6 16. Bxe6 Rxe6 17. Rxe6 fxe6 18. Ng5 Qd5 19. Qf3 Re8 20. Qxg2 h6 21. Nf3
Qxc6 22. Bxh6 Qe4 23. Re1 Qc2 24. Bg5 Nh7 25. Bh4 Bd6 26. Qg4 Qxb2 27. Rxe6 Rf8
28. Rg6 Rf7 29. Ne5 Bxe5 30. dxe5 Nf8 31. Rxa6 Qc1+ 32. Kg2 Rf4 33. Qg3 Qd2 34.
Bf6 g6 35. Be7 Qd5+ 36. Kg1 Rf3 37. Rxg6+ Kf7 38. Rf6+ Rxf6 39. Bxf6 Ne6 40. Qg4
Qxa2 41. Qh5+ Kf8 42. Qh8+ Kf7 43. Qh7+ Kf8 44. Qd3 Qb3 45. h4 b4 46. Qd7 bxc3
47. Qe7+ Kg8 48. Qe8+ Nf8 49. Qe7 Ne6 50. Qe8+ Nf8 51. e6 Qxe6 52. Qxe6+ Nxe6
53. Bxc3 c5 54. Kh2 Nf4 55. Bd2 Nd5 56. Kg3 c4 57. Kf3 c3 58. Bc1 Kh7 59. Ke2
Kg6 60. Kd3 Kh5 61. Bg5 Kg4 62. Kc2 Kh5 63. f3 Kg6 64. Kd3 Kh5 65. Kd4 Nc7 66.
Kxc3 Ne6 67. Kd3 Kg6 68. Ke4 Nc5+ 69. Kf4 Nd3+ 70. Ke3 Nc5 71. Kd4 Nb3+ 72. Kd5
Kf5 73. Be3 Na1 74. Kc4 Nc2 75. Bd2 Na3+ 76. Kc5 Nb1 77. Bb4 Kg6 78. f4 Kf5 79.
h5 1-0

[Event "European Hybrid Swiss TB"]
[Site "Tornelo INT"]
[Date "2021.05.30"]
[Round "3.4"]
[White "Ponkratov, Pavel"]
[Black "Fedoseev, Vladimir3"]
[Result "1/2-1/2"]
[WhiteTitle "GM"]
[BlackTitle "GM"]
[WhiteElo "2624"]
[BlackElo "2687"]
[WhiteFideId "4157800"]
[BlackFideId "24130737"]
[EventDate "2021.05.30"]

1. e4 c6 2. d4 d5 3. e5 Bf5 4. g4 Bd7 5. c4 e6 6. Nc3 h5 7. gxh5 Qh4 8. Be2 dxc4
9. Nf3 Qxh5 10. h4 Na6 11. Bxc4 Be7 12. Be2 Qf5 13. Be3 Nb4 14. Rc1 Nh6 15. a3
Nd5 16. Nxd5 exd5 17. Ng5 Ng4 18. Rg1 Nxe3 19. fxe3 Rxh4 20. Bd3 Qxg5 21. Rxg5
Rh1+ 22. Bf1 Bxg5 23. Qf3 Bh4+ 24. Kd1 Rg1 25. Kc2 Ke7 26. Bg2 Rxc1+ 27. Kxc1
Rh8 28. Bh3 Be6 29. Bxe6 fxe6 30. Kd2 Bg5 31. Qg2 Bh6 32. Kd3 b6 33. b4 Rc8 34.
Qg4 a5 35. bxa5 bxa5 36. Qh4+ Ke8 37. Qe1 c5 38. Qxa5 c4+ 39. Kc2 Kd7 40. Qb5+
Rc6 41. a4 Bxe3 42. Kc3 Bf2 43. a5 Be1+ 44. Kc2 Bf2 45. Qb2 Kc7 46. Qa3 Bxd4 47.
a6 Kb8 48. Qa4 Rb6 49. Qe8+ Ka7 50. Qd7+ Kxa6 51. Qa4+ Kb7 52. Qd7+ Kb8 53. Qd8+
Ka7 54. Qd7+ Rb7 55. Qa4+ Kb6 56. Qb4+ Ka6 57. Qa4+ Kb6 58. Qb4+ Ka6 59. Qa4+
Kb6 1/2-1/2

[Event "European Hybrid Swiss TB"]
[Site "Tornelo INT"]
[Date "2021.05.30"]
[Round "3.5"]
[White "Yilmaz, Mustafa"]
[Black "Cheparinov, Ivan"]
[Result "1/2-1/2"]
[WhiteTitle "GM"]
[BlackTitle "GM"]
[WhiteElo "2630"]
[BlackElo "2667"]
[WhiteFideId "6302718"]
[BlackFideId "2905540"]
[EventDate "2021.05.30"]

1. Nf3 c5 2. c4 Nc6 3. Nc3 Nf6 4. g3 e6 5. Bg2 d5 6. cxd5 exd5 7. d4 cxd4 8.
Nxd4 Bc5 9. Nxc6 bxc6 10. O-O O-O 11. Na4 Bb6 12. Qc2 Bd7 13. b4 Qe7 14. Nxb6
axb6 15. a4 Qxb4 16. Ba3 Qxa4 17. Qxa4 Rxa4 18. Bxf8 Rxa1 19. Rxa1 Kxf8 20. Ra7
b5 21. Kf1 g5 22. e4 dxe4 23. Bxe4 Ke8 24. Bc2 h6 25. Ke2 Nd5 26. Bb3 Be6 27.
Kd3 Nf4+ 28. gxf4 Bxb3 29. f5 Kf8 30. Kd4 Kg7 31. Ke5 Bd5 32. Rb7 g4 33. f6+ Kg6
34. Rb8 Kg5 35. Rg8+ Kh4 36. Kf4 h5 37. Rb8 Be6 38. Rb6 Bd5 39. Rb8 Be6 40. Rb6
Bd5 41. Rb8 1/2-1/2